Jose Mourinho's Managerial Career - Sudden Death - Statistics

General Stats
  • This quiz has been taken 88 times
  • The average score is 6 of 10
Answers on the Grid
Answers color-coded by a green-red scale on the quiz's grid according to % correct below.
AC Milan
Arsenal
AS Roma
Bayern Munich
Benfica
Blackburn Rovers
Bologna
Braga
Casa Pia
Chelsea
Everton
FC Barcelona
Fenerbahce
Flamengo
Galatasaray
Inter Milan
Lazio
Liverpool
Manchester City
Manchester United
Napoli
Paris Saint - Germain
Porto
Real Madrid
Rio Ave
Santa Clara
Sporting CP
Tottenham Hotspur
União de Leiria
Vitoria Guimaraes
 
Answer Stats
Answer % Correct
AS Roma
85%
Chelsea
84%
Manchester United
76%
Real Madrid
76%
Porto
72%
Inter Milan
69%
Tottenham Hotspur
63%
Fenerbahce
59%
Benfica
37%
União de Leiria
22%
No matching quizzes found
Score Distribution
Percent of People with Each Score
Percentile by Number Answered
Your Score History
You have not taken this quiz